The bus we loved : London's affair with the Routemaster /

"Could a city grow to love anything so humble - so pedestrian, if you like - as a particular type of bus?" "It happened in London with the now near-vanished Routemaster, a bus that climbed higher in the city's affections the rarer it became. It wasn't just a bus but a symbol...

Full description

Saved in:
Bibliographic Details
Main Author: Elborough, Travis.
Format: Book
Language:English
Published: London : Granta Books, 2005.
Subjects:
Tags: Add Tag
No Tags, Be the first to tag this record!
LEADER 01935cam a2200325 a 4500
001 009802435-3
005 20051115110922.0
008 050326s2005 enka e b 001 0 eng
015 |a GBA552949  |2 bnb 
016 7 |a 013226148  |2 Uk 
020 |a 1862077940 (hbk.) 
024 3 |a 9781862077942 (hbk.) 
035 0 |a ocm60741558 
040 |a UKM  |c UKM  |d BWKUK 
043 |a e-uk-en 
050 4 |a TL232  |b .E43 2005 
082 0 4 |a 388.32209421  |2 22 
100 1 |a Elborough, Travis. 
245 1 4 |a The bus we loved :  |b London's affair with the Routemaster /  |c Travis Elborough. 
260 |a London :  |b Granta Books,  |c 2005. 
300 |a xviii, 204 p. :  |b ill. ;  |c 20 cm. 
504 |a Includes bibliographical references (p. [188]-192) and index. 
520 1 |a "Could a city grow to love anything so humble - so pedestrian, if you like - as a particular type of bus?" "It happened in London with the now near-vanished Routemaster, a bus that climbed higher in the city's affections the rarer it became. It wasn't just a bus but a symbol of the city: what the gondola is to Venice. Its distinctive shape drove through films and TV shows and appeared on millions of souvenirs. It was the last bus to be designed and built in London, by Londoners, for Londoners, the last bus in Britain to have conductors as well as drivers, the last bus to ring to familiar shouts that are at least a century old: fares please, full-up inside but room on top, next stop the British Museum!" "In this history, Travis Elborough tells the story of the Routemaster's invention, rise and decline, of the people who worked on it, of the enthusiasts who were mad about it."--BOOK JACKET. 
650 0 |a Routemaster buses  |x History. 
650 0 |a Buses  |z England  |z London  |x History. 
650 0 |a Routemaster buses  |v Pictorial works. 
655 7 |a History.  |2 fast  |0 (OCoLC)fst01411628 
655 7 |a Pictorial works.  |2 fast  |0 (OCoLC)fst01423874 
988 |a 20051115 
906 |0 OCLC